|
|
|
|
| LEADER |
00000cam a2200000 a 4500 |
| 001 |
1/122968 |
| 008 |
210520s2018####gr g||||||||||||| ||gre|| |
| 020 |
|
|
|a 9789604992638
|
| 040 |
|
|
|a GR-MyUa
|b gre
|c GR-MyUa
|e AACR2
|
| 041 |
0 |
|
|a gre
|
| 082 |
7 |
|
|a 781.6309495
|2 (23)
|
| 100 |
1 |
|
|a Ανδρίκος, Νίκος Ι.
|
| 245 |
1 |
3 |
|a Οι λαϊκοί δρόμοι στο μεσοπολεμικό αστικό τραγούδι :
|b σχεδίασμα λαϊκής τροπικής θεωρίας /
|c Νίκος Ανδρίκος.
|
| 260 |
|
|
|a Αθήνα :
|b Τόπος,
|c c2018.
|
| 300 |
|
|
|a 282 σ. :
|b μουσική ;
|c 24 εκ.
|
| 504 |
|
|
|a Περιλαμβάνει βιβλιογραφικές παραπομπές.
|
| 650 |
|
0 |
|a Folk music
|z Greece.
|
| 650 |
|
0 |
|a Folk songs
|z Greece.
|
| 650 |
|
0 |
|a Rebetika
|z Greece.
|
| 852 |
|
|
|a INST
|b LESVOS
|c EUDOXUS
|e 20210520
|h 781.6309495 ΑΝΔ
|p 005100063362
|q 005100063362
|t EDX
|y 0
|
| 920 |
|
|
|a Εύδοξος
|b Παραγγελία
|y Λέσβος-ΤΚ
|z 2021-05
|
| 970 |
|
|
|a Καμάτσου
|b Δέσποινα
|z 20-05-2021
|